Conocimiento tradicional, la experiencia de los médicos tradicionales y parteras de Chiapas, México /

Presenta la experiencia del Consejo de Médicos Tradicionales y Parteras Indígenas de Chiapas tras la campaña contra el proyecto de bioprospección del gobierno estadounidense. En la primera parte se aborda el tema del conocimiento tradicional en Chiapas, en la segunda parte se describe el ICBG-Maya,...

ver descrição completa

Na minha lista:
Detalhes bibliográficos
Autor principal: Valadez, Ana
Formato: Texto
Idioma:Spanish
Assuntos:
Tags: Adicionar Tag
Sem tags, seja o primeiro a adicionar uma tag!

MARC

LEADER 00000 a a2200000 04500
001 48254
003 cru CIDCACS/IIS
005 20180519062532.0
008 171121b xxu||||| |||| 00| 0 spa d
999 |c 38042  |d 38042 
040 |c cru CIDCACS/IIS 
100 |a Valadez, Ana  
245 |a Conocimiento tradicional, la experiencia de los médicos tradicionales y parteras de Chiapas, México /  |c Ana Valadez  
520 |a Presenta la experiencia del Consejo de Médicos Tradicionales y Parteras Indígenas de Chiapas tras la campaña contra el proyecto de bioprospección del gobierno estadounidense. En la primera parte se aborda el tema del conocimiento tradicional en Chiapas, en la segunda parte se describe el ICBG-Maya, el cual es un consorcio formado por varios institutos de salud, en la parte final se desarrolla el caso del reordenamiento territorial en La Lacandona.  
650 1 0 |9 1412  |a MEDICINA TRADICIONAL 
650 1 0 |9 1410  |a CONOCIMIENTOS AUTOCTONOS 
650 1 0 |9 3828  |a PROPIEDAD INTELECTUAL 
650 1 0 |9 5162  |a DERECHOS DE AUTOR 
650 0 |9 4725  |a INDIGENAS 
651 1 0 |a MEXICO  |9 3410 
773 |g páginas 214-224  
942 |2 ddc  |c LI